|
|
|
|
| LEADER |
00768cam a2200193 7i4500 |
| 001 |
0000002687 |
| 005 |
19991025090000.0 |
| 002 |
##000003942 |
| 020 |
0 |
0 |
|a T000003870
|
| 090 |
0 |
0 |
|a 382.0952
|b TRA
|
| 100 |
0 |
0 |
|a Economic and Social Commission for Asia and the Pacific
|
| 245 |
1 |
0 |
|a Traders manual for Asia and the Pacific.
|
| 260 |
0 |
0 |
|a New York:
|b United Nations,
|c 1993.
|
| 300 |
0 |
0 |
|a 114p.
|
| 500 |
0 |
0 |
|a This book acts as a practical market guidebook towards realizing the bright potential for further expansion of intraregional trade
|
| 650 |
0 |
0 |
|a International trade
|
| 999 |
|
|
|a 000004396
|b Book
|c Open shelf
|e Business Information Centre
|
| 999 |
|
|
|a 000004395
|b Book
|c Open shelf
|e Business Information Centre
|
| 999 |
|
|
|a 000004394
|b Book
|c Open shelf
|e Business Information Centre
|